Wymień zapachy typowe dla produktów chemii gospodarczej. - Statystyki

Ogólne statystyki
  • Ten quiz został rozwiązany 4 razy
  • Średni wynik to 4 z 7
Statystyki odpowiedzi
Odpowiedź % Poprawnych
Cytrusowy
100%
Lawendowy
100%
Morski
100%
Leśny
50%
Rumiankowy
50%
Konwaliowy
0%
Zielone jabłuszko
0%
Nie znaleziono quizów pasujących do podanych kryteriów
Rozkład punktacji
Procent ludzi z każdym wynikiem
Percentyl według liczby udzielonych odpowiedzi
Twoja historia wyników
Nie rozwiązałeś tego quizu